Click to Translate - Ladino - Statistics

General Stats
  • This quiz has been taken 110 times
  • The average score is 13 of 17
Answer Stats
Hint Answer % Correct
Geography גיוגראפייה / jeografiya
100%
Nature נאטורה /natura
100%
September סיפטימברי / septembre
100%
School סקולה / skola
99%
Sun סול / sol
97%
Month מיס / Mes
93%
City סיב'דאד / sivdad
90%
Who קיין / ken
89%
To Call ייאמאר / yamar
85%
Neighbor ב׳יזינו / vizino
82%
To Look For בושקאר / buskar
80%
Soap שאבון / shavón
77%
Half מיאטאד/ meatad
56%
West מערב / maaráv
42%
Dizziness שאשיאו / shasheo
42%
Money פאראס/ paras
39%
Prayer תפילה /tefilá
30%
No matching quizzes found
Score Distribution
Percent of People with Each Score
Percentile by Number Answered
Your Score History
You have not taken this quiz